URBAN LAND USE PLANNING (Record no. 1162017)

MARC details
000 -LEADER
fixed length control field 00303nam a2200109Ia 4500
008 - FIXED-LENGTH DATA ELEMENTS--GENERAL INFORMATION
fixed length control field 240521s9999 xx 000 0 und d
041 ## - LANGUAGE CODE
Language code of text/sound track or separate title eng
100 ## - MAIN ENTRY--PERSONAL NAME
Personal name BERKE PHILIP R. & GODSCHALK DAVID R.
245 ## - TITLE STATEMENT
Title URBAN LAND USE PLANNING
260 ## - PUBLICATION, DISTRIBUTION, ETC.
Name of publisher, distributor, etc. BOARD OF INTERNATIOANL RESEARCH IN DESIGN
300 ## - PHYSICAL DESCRIPTION
Extent 492

No items available.